<?xml version="1.0" encoding="UTF-8"?>
<record
    xmlns:xsi="http://www.w3.org/2001/XMLSchema-instance"
    xsi:schemaLocation="http://www.loc.gov/MARC21/slim http://www.loc.gov/standards/marcxml/schema/MARC21slim.xsd"
    xmlns="http://www.loc.gov/MARC21/slim">

  <leader>01663cam a2200481   4500</leader>
  <datafield tag="999" ind1=" " ind2=" ">
    <subfield code="c">23457</subfield>
    <subfield code="d">23457</subfield>
  </datafield>
  <controlfield tag="001">vtls011756981</controlfield>
  <controlfield tag="005">20221011075018.0</controlfield>
  <controlfield tag="008">200228s2018    xo o   g n    000 0 slo  </controlfield>
  <datafield tag="020" ind1=" " ind2=" ">
    <subfield code="a">9788055159652</subfield>
    <subfield code="q">(viazan&#xE9;)</subfield>
  </datafield>
  <datafield tag="035" ind1=" " ind2=" ">
    <subfield code="a">urn:nbn:sk:snk-am00davi</subfield>
  </datafield>
  <datafield tag="035" ind1=" " ind2=" ">
    <subfield code="a">urn:nbn:sk:snk-am3hvwm</subfield>
  </datafield>
  <datafield tag="035" ind1=" " ind2=" ">
    <subfield code="a">E33ED263-1E2A-45BC-B88C-07DB46946636</subfield>
  </datafield>
  <datafield tag="040" ind1=" " ind2=" ">
    <subfield code="a">TTKJF</subfield>
    <subfield code="b">slo</subfield>
    <subfield code="c">TTKJF</subfield>
    <subfield code="d">SNK</subfield>
    <subfield code="e">rda</subfield>
  </datafield>
  <datafield tag="041" ind1="1" ind2=" ">
    <subfield code="a">slo</subfield>
    <subfield code="h">ger</subfield>
  </datafield>
  <datafield tag="044" ind1=" " ind2=" ">
    <subfield code="a">xo</subfield>
    <subfield code="c">SK</subfield>
  </datafield>
  <datafield tag="072" ind1=" " ind2="7">
    <subfield code="a">58</subfield>
    <subfield code="x">Botanika</subfield>
    <subfield code="2">konspekt</subfield>
  </datafield>
  <datafield tag="080" ind1=" " ind2=" ">
    <subfield code="a">582.28</subfield>
    <subfield code="2">2011</subfield>
  </datafield>
  <datafield tag="080" ind1=" " ind2=" ">
    <subfield code="a">578/579</subfield>
    <subfield code="2">2001</subfield>
  </datafield>
  <datafield tag="080" ind1=" " ind2=" ">
    <subfield code="a">(0.062)</subfield>
    <subfield code="2">2011</subfield>
  </datafield>
  <datafield tag="100" ind1="1" ind2=" ">
    <subfield code="a">Hofrichter, Robert,</subfield>
    <subfield code="d">1957-</subfield>
    <subfield code="4">aut</subfield>
    <subfield code="9">3678</subfield>
  </datafield>
  <datafield tag="240" ind1="1" ind2="4">
    <subfield code="a">Das geheimnisvolle Leben der Pilze: Die faszinierenden Wunder einer verborgenen Welt</subfield>
    <subfield code="l">Slovensky</subfield>
  </datafield>
  <datafield tag="245" ind1="1" ind2="0">
    <subfield code="a">Tajn&#xFD; &#x17E;ivot h&#xFA;b</subfield>
    <subfield code="c">Robert Hofrichter ; prelo&#x17E;ila Ter&#xE9;zia &#x160;inkov&#xE1;</subfield>
  </datafield>
  <datafield tag="250" ind1=" " ind2=" ">
    <subfield code="a">Prv&#xE9; vydanie</subfield>
  </datafield>
  <datafield tag="264" ind1=" " ind2="1">
    <subfield code="a">Bratislava</subfield>
    <subfield code="b">Ikar, a.s. - Pr&#xED;roda</subfield>
    <subfield code="c">2018</subfield>
  </datafield>
  <datafield tag="300" ind1=" " ind2=" ">
    <subfield code="a">212 str&#xE1;n, 16 ne&#x10D;&#xED;slovan&#xFD;ch str&#xE1;n</subfield>
    <subfield code="b">farebn&#xE9; fotografie</subfield>
    <subfield code="c">21 cm</subfield>
  </datafield>
  <datafield tag="336" ind1=" " ind2=" ">
    <subfield code="a">text</subfield>
    <subfield code="b">txt</subfield>
    <subfield code="2">rdacontent</subfield>
  </datafield>
  <datafield tag="336" ind1=" " ind2=" ">
    <subfield code="a">statick&#xFD; obraz</subfield>
    <subfield code="b">sti</subfield>
    <subfield code="2">rdacontent</subfield>
  </datafield>
  <datafield tag="337" ind1=" " ind2=" ">
    <subfield code="a">bez m&#xE9;dia</subfield>
    <subfield code="b">n</subfield>
    <subfield code="2">rdamedia</subfield>
  </datafield>
  <datafield tag="338" ind1=" " ind2=" ">
    <subfield code="a">zv&#xE4;zok</subfield>
    <subfield code="b">nc</subfield>
    <subfield code="2">rdacarrier</subfield>
  </datafield>
  <datafield tag="490" ind1="1" ind2=" ">
    <subfield code="a">Pr&#xED;roda</subfield>
  </datafield>
  <datafield tag="500" ind1=" " ind2=" ">
    <subfield code="a">Prelo&#x17E;en&#xE9; z nemeck&#xE9;ho origin&#xE1;lu</subfield>
  </datafield>
  <datafield tag="650" ind1="0" ind2="7">
    <subfield code="a">huby</subfield>
    <subfield code="2">SNKPH</subfield>
    <subfield code="9">3679</subfield>
  </datafield>
  <datafield tag="650" ind1="0" ind2="7">
    <subfield code="a">mikroorganizmy</subfield>
    <subfield code="2">SNKPH</subfield>
    <subfield code="9">3680</subfield>
  </datafield>
  <datafield tag="650" ind1="0" ind2="7">
    <subfield code="a">mykol&#xF3;gia</subfield>
    <subfield code="2">SNKPH</subfield>
    <subfield code="9">3681</subfield>
  </datafield>
  <datafield tag="650" ind1="0" ind2="7">
    <subfield code="a">Mushrooms</subfield>
    <subfield code="2">SNKPHeng</subfield>
    <subfield code="9">3682</subfield>
  </datafield>
  <datafield tag="650" ind1="0" ind2="7">
    <subfield code="a">Microorganisms</subfield>
    <subfield code="2">SNKPHeng</subfield>
    <subfield code="9">3683</subfield>
  </datafield>
  <datafield tag="650" ind1="0" ind2="7">
    <subfield code="a">Mycology</subfield>
    <subfield code="2">SNKPHeng</subfield>
    <subfield code="9">3684</subfield>
  </datafield>
  <datafield tag="655" ind1=" " ind2="7">
    <subfield code="a">popul&#xE1;rno-n&#xE1;u&#x10D;n&#xE9; publik&#xE1;cie</subfield>
    <subfield code="2">SNKPH</subfield>
    <subfield code="9">1486</subfield>
  </datafield>
  <datafield tag="655" ind1=" " ind2="7">
    <subfield code="a">Popular works</subfield>
    <subfield code="2">SNKPHeng</subfield>
    <subfield code="9">1487</subfield>
  </datafield>
  <datafield tag="700" ind1="1" ind2=" ">
    <subfield code="a">&#x160;inkov&#xE1;, Ter&#xE9;zia</subfield>
    <subfield code="4">trl</subfield>
    <subfield code="9">1958</subfield>
  </datafield>
  <datafield tag="958" ind1=" " ind2=" ">
    <subfield code="a">NB</subfield>
  </datafield>
  <datafield tag="958" ind1=" " ind2=" ">
    <subfield code="a">OP</subfield>
  </datafield>
  <datafield tag="952" ind1=" " ind2=" ">
    <subfield code="0">0</subfield>
    <subfield code="1">0</subfield>
    <subfield code="2">udc</subfield>
    <subfield code="4">0</subfield>
    <subfield code="7">0</subfield>
    <subfield code="8">K</subfield>
    <subfield code="a">10000</subfield>
    <subfield code="b">10000</subfield>
    <subfield code="d">2022-10-11</subfield>
    <subfield code="i">21789</subfield>
    <subfield code="l">5</subfield>
    <subfield code="m">5</subfield>
    <subfield code="o">B10598</subfield>
    <subfield code="p">B10598</subfield>
    <subfield code="r">2026-04-21</subfield>
    <subfield code="s">2026-03-11</subfield>
    <subfield code="w">2022-10-11</subfield>
    <subfield code="y">KLDO</subfield>
  </datafield>
</record>
